000 00498nam a2200181Ia 4500
001 13835
005 20260306164830.0
008 260306t2018||||xx |||||||||||||| ||spa||
041 _aESP
082 _a005.369
_bP13B
100 _aPacheco Contreras, Johnny
_eAUT
245 0 _aBusiness intelligence con excel y power Bi:
_bpower pivot, power query, power view, power map
260 _c2018
300 _a236 páginas :
_c25 cm.
650 _aGEN
654 _aCCC
942 _cLIB
_dJUS
_fJUS
_2ddc
_n
999 _c13835
_d13835